[Event "ch-Serbia"]
[Site "Dimitrovgrad YUG"]
[Date "2003.03.07"]
[Round "8"]
[White "Stojanovic,Da"]
[Black "Antic,D"]
[Result "1/2-1/2"]
[WhiteElo "2413"]
[BlackElo "2448"]

1.e4 c5 2.Nf3 e6 3.Nc3 Nc6 4.d4 cxd4 5.Nxd4 a6 6.Nxc6 bxc6 7.Bd3 d5 8.O-O Nf6
9.Qe2 Be7 10.b3 a5 11.Bb2 O-O 12.Rfd1 Qc7 13.Na4 Bb7 14.e5 Nd7 15.c4 Rfc8
16.Rac1 Qd8 17.c5 Rcb8 18.Bd4 Qc8 19.Rc3 Ba6 20.Bxh7+ Kxh7 21.Qh5+ Kg8 22.Rh3 f6
23.Qh8+ Kf7 24.Qh5+  1/2-1/2

[Event "Bundesliga 2002-3"]
[Site "Forchheim GER"]
[Date "2003.03.08"]
[Round "12"]
[White "Sokolov,And"]
[Black "Votava,J"]
[Result "1-0"]
[WhiteElo "2569"]
[BlackElo "2518"]

1.e4 c5 2.Nf3 e6 3.d4 cxd4 4.Nxd4 Nc6 5.Nc3 Qc7 6.Be2 a6 7.O-O Nf6 8.Be3 Be7
9.f4 d6 10.Qe1 O-O 11.Qg3 Nxd4 12.Bxd4 b5 13.Rae1 Bb7 14.Bd3 b4 15.Nd1 e5
16.fxe5 Nh5 17.Qh3 dxe5 18.Qxh5 exd4 19.Nf2 g6 20.Qh6 Qe5 21.Ng4 Qg5 22.Qxg5 Bxg5
23.g3 h5 24.h4 Bxh4 25.Nh6+ Kh7 26.gxh4 Kxh6 27.Rf6 a5 28.Rb6 Bc8 29.Rd6 Be6
30.Rxd4 Rfc8 31.Kf2 Rc5 32.a3 bxa3 33.bxa3 Rb8 34.Ke3 Rb2 35.Ra4 Rb7 36.Rf1 Rbc7
37.Rd4 Kg7 38.Rd6 Rc3 39.Ra1 Kf6 40.Kd4 Ke7 41.Ra6 R3c5 42.Rg1 Bc8 43.Rb6 Bd7
44.c4 a4 45.Rb4 Ra5 46.e5 Rc6 47.Be4 Rcc5 48.Rb7 Rc8 49.Bd5 Rf8 50.Bc6 Rd8
51.Rf1  1-0

[Event "Spring Festival GM"]
[Site "Bucharest ROM"]
[Date "2003.03.10"]
[Round "8"]
[White "Vasiesiu,D"]
[Black "Svetushkin,D"]
[Result "0-1"]
[WhiteElo "2435"]
[BlackElo "2542"]

1.e4 c5 2.Nf3 e6 3.d4 cxd4 4.Nxd4 Nc6 5.Nc3 Qc7 6.f4 Nxd4 7.Qxd4 a6 8.Be3 b5
9.Be2 Bb7 10.Bf3 Rc8 11.a3 h5 12.h3 h4 13.Rd1 Nf6 14.O-O Be7 15.Rf2 d6 16.a4 b4
17.Qxb4 d5 18.Qb6 Qxb6 19.Bxb6 dxe4 20.Be2 O-O 21.Bf1 Bc5 22.Bxc5 Rxc5 23.Rd6 a5
24.Rb6 Bd5 25.Nd1 Nd7 26.Rd6 Bc6 27.b3 Nf6 28.Ne3 Rc8 29.Ba6 Rc7 30.c4 Kf8
31.Bb5 Ke7 32.Rd4 g6 33.Rfd2 Rd7 34.Kf2 Rxd4 35.Rxd4 Nd7 36.Nc2 Nf6 37.b4 axb4
38.Nxb4 Ba8 39.Ke3 g5 40.fxg5 Rxg5 41.Bc6 Rg3+ 42.Kf2 Rb3 43.Bxa8 Rxb4 44.Bc6 e5
45.Rd2 Rxc4 46.Bb5 Rb4 47.Rc2 Nh5 48.Bc6 Ng3 49.a5 Rb3 50.a6 Ra3 51.Bb5 f5
52.Bc4 e3+ 53.Kf3 Kf6 54.Ra2 e4+  0-1

[Event "ch-LAT"]
[Site "Riga LAT"]
[Date "2003.03.10"]
[Round "6"]
[White "Starostits,I"]
[Black "Daskevics,V"]
[Result "1-0"]
[WhiteElo "2398"]
[BlackElo "2291"]

1.e4 c5 2.Nc3 e6 3.Nf3 Nc6 4.d4 cxd4 5.Nxd4 Qc7 6.Be2 a6 7.O-O Nf6 8.Bg5 Be7
9.Kh1 Ng4 10.Bxg4 Bxg5 11.Nde2 d6 12.f4 Be7 13.f5 Bg5 14.fxe6 Bxe6 15.Bxe6 fxe6
16.Nd4 Qe7 17.e5 d5 18.Nxd5 exd5 19.Nf5 Qd8 20.Nxg7+ Ke7 21.Qg4  1-0

[Event "Jch-RUS b20"]
[Site "Essentuki RUS"]
[Date "2003.03.12"]
[Round "10"]
[White "Danin,A"]
[Black "Panarin,M"]
[Result "0-1"]
[WhiteElo "2335"]
[BlackElo "2437"]

1.e4 c5 2.Nf3 e6 3.d4 cxd4 4.Nxd4 Nc6 5.Nc3 Qc7 6.Be2 a6 7.O-O Nf6 8.Be3 Bb4
9.Na4 Bd6 10.g3 b5 11.Nb6 Rb8 12.Nxc8 Rxc8 13.Nxc6 dxc6 14.Bd3 h5 15.Bg5 h4
16.Bxh4 Rxh4 17.gxh4 Bxh2+ 18.Kg2 Ke7 19.Rh1 Be5 20.a4 Bxb2 21.Ra2 Bd4 22.axb5 axb5
23.Qd2 Qd6 24.Qg5 e5 25.h5 Qc5 26.Rh3 Rh8 27.Be2 Bxf2 28.c3 Be1 29.Qe3 Qxe3
30.Rxe3 Rd8 31.Ra7+ Kf8 32.Bxb5 cxb5 33.Rxe1 Nxh5 34.Rb1 Rd2+ 35.Kg1 f6 36.Rxb5 Kg8
37.c4 Rc2 38.c5 Kh7 39.Ra6 Ng3 40.c6 Nxe4 41.Rb7 f5 42.c7 f4 43.Ra8 f3 44.c8=Q Rg2+
45.Kf1 Ng3+ 46.Ke1 f2+ 47.Kd2 f1=Q+  0-1

[Event "Victor Ciocaltea Mem"]
[Site "Bucharest ROM"]
[Date "2003.03.13"]
[Round "10"]
[White "Vajda,Al"]
[Black "Furtuna,A"]
[Result "0-1"]
[WhiteElo "2427"]
[BlackElo "2415"]

1.e4 c5 2.Nf3 e6 3.d4 cxd4 4.Nxd4 Nc6 5.Nc3 a6 6.g3 d6 7.Bg2 Bd7 8.O-O Nf6
9.a4 Be7 10.Nb3 O-O 11.a5 Ne5 12.f4 Nc4 13.Qe2 Qc7 14.g4 b5 15.axb6 Qxb6+
16.Kh1 Rac8 17.g5 Ne8 18.f5 Qd8 19.Qh5 g6 20.Qh6 exf5 21.exf5 Bxf5 22.Rxf5 gxf5
23.Nd4 Rc5 24.Nd5 Qd7 25.b4 Rxd5 26.Bxd5 Ne5 27.Ra3 Ng4 28.Qh4 Ng7 29.Rh3 h5
30.Bb2 Rc8 31.c4 Qa4 32.Rb3 Qa2 33.h3 Ne5 34.Qg3 Kf8 35.c5 Qb1+ 36.Kg2 Qd1
37.Qe3 Ng6 38.Bb7 Re8 39.Nf3 Bf6 40.gxf6  0-1

[Event "19th Spring Fest"]
[Site "Budapest HUN"]
[Date "2003.03.15"]
[Round "2"]
[White "Rozsnyai,Ti"]
[Black "Somogyi,I"]
[Result "0-1"]
[WhiteElo "2119"]
[BlackElo "2257"]

1.e4 c5 2.Nf3 e6 3.Nc3 Nc6 4.d4 cxd4 5.Nxd4 Qc7 6.Be3 a6 7.Qd2 b5 8.f3 Bb7
9.O-O-O Nf6 10.g4 b4 11.Nce2 Ne5 12.Ng3 d5 13.g5 Nfd7 14.Kb1 dxe4 15.f4 Nf3
16.Nxf3 exf3 17.Bd3 Nc5 18.Bxc5 Bxc5 19.Ne4 Rd8 20.Nxc5 Qxc5 21.Rhf1 O-O
22.Qf2 Qxf2 23.Rxf2 g6 24.c3 bxc3 25.bxc3 Rd6 26.Bc2 Rfd8 27.Kc1 Rxd1+ 28.Bxd1 Rd3
29.Kc2 Be4 30.Rf1 Kf8 31.Kb3 Ke7 32.Kc4 Rd2 33.Kb4 f2  0-1

[Event "Amber Rapid"]
[Site "Monte Carlo MNC"]
[Date "2003.03.15"]
[Round "1"]
[White "Ivanchuk,V"]
[Black "Ljubojevic,L"]
[Result "1/2-1/2"]
[WhiteElo "2699"]
[BlackElo "2570"]

1.e4 c5 2.Nf3 e6 3.d4 cxd4 4.Nxd4 Nc6 5.Nc3 Qc7 6.Be3 a6 7.Bd3 b5 8.Nxc6 Qxc6
9.O-O Bb7 10.Re1 Nf6 11.a3 Be7 12.Qf3 O-O 13.Qh3 d6 14.Bd4 h6 15.Re3 e5 16.Rg3 Kh8
17.Be3 Bc8 18.Qh4 Ng8 19.Qh5 Nf6 20.Qe2 Be6 21.Rf1 d5 22.Bxh6 gxh6 23.Qd2 Ng8
24.exd5 Bxd5 25.Nxd5 Bg5 26.f4 exf4 27.Nxf4 Nf6 28.Qb4 Rg8 29.Kh1 Rae8 30.Qd4 Qd7
31.Qxd7 Nxd7 32.Nd5 Nc5 33.Bf5 Re5 34.Nb4 Rge8 35.Rgf3 Re3 36.Rxe3 Rxe3 37.g3 Kg7
38.Nd3 Nxd3 39.Bxd3 Bf6 40.b3 Bc3 41.Rf4 Re5 42.a4 h5 43.Kg2 Rd5 44.Re4 Kf8
45.Kf3 Rc5 46.Rf4 Kg7 47.Rh4 Re5 48.Be4 bxa4 49.bxa4 Rc5 50.Bd3 a5 51.Re4 Rf5+
52.Kg2 Rc5 53.Re7 Bf6 54.Ra7 h4 55.g4 Be5 56.Kh3 Bf6 57.Kg2 Be5 58.h3 Bd4
59.Rd7 Bc3 60.Kf3 Kf8 61.Rb7 Bd4 62.c4 Bf6 63.Ke3 Kg7 64.Ra7 Bc3 65.Kf3 Be5
66.g5 Kf8 67.Kg4 Bg3 68.Be2 Bf2 69.Ra8+ Ke7 70.Bd3 Re5 71.Bf5 Rc5 72.Bd3 Re5
73.Ra6 Re3 74.Bf5 Rg3+ 75.Kh5 Be1 76.c5 Rc3 77.Ra7+ Kf8 78.Rc7 Bg3 79.Rc8+ Ke7
80.g6 fxg6+ 81.Kxg6 Rc4 82.c6 Rxa4 83.Ra8 Kd6 84.Ra6 Bf2 85.Bc2 Ra3 86.Kh5 Kc7
87.Be4 Bb6 88.Bg2 Rg3 89.Bf1 Rf3 90.Bg2 Rf2 91.Be4 Rf4 92.Bg2 a4 93.Ra8 Bc5
94.Ra5 Bb6 95.Ra8 Rc4 96.Bf3 Bc5 97.Ra5 Kb6 98.c7 Kxc7 99.Be2 Kb6  1/2-1/2

[Event "Amber Rapid"]
[Site "Monte Carlo MNC"]
[Date "2003.03.17"]
[Round "3"]
[White "Shirov,A"]
[Black "Kramnik,V"]
[Result "1/2-1/2"]
[WhiteElo "2723"]
[BlackElo "2807"]

1.e4 c5 2.Nf3 Nc6 3.Nc3 e6 4.d4 cxd4 5.Nxd4 d6 6.g4 Nge7 7.Be3 a6 8.f4 b5
9.Bg2 Nxd4 10.Qxd4 Nc6 11.Qb6 Qxb6 12.Bxb6 Rb8 13.Be3 g5 14.fxg5 Ne5 15.h3 Be7
16.b3 Rg8 17.O-O-O Bxg5 18.Bxg5 Rxg5 19.Rxd6 h5 20.Rd2 hxg4 21.hxg4 Rxg4
22.Rh8+ Ke7 23.Kb2 Rg3 24.Bf1 Rg1 25.Bd3 Nc6 26.a4 b4 27.Nd5+ exd5 28.exd5 Bg4
29.Rh6 Ne5 30.d6+ Kd7 31.Bxa6 Bf3 32.Rf6 Bc6 33.Rf5 Re8 34.Rd4 Rg4 35.Rxg4 Nxg4
36.Rxf7+ Kxd6 37.Rf4 Re4 38.Rxe4  1/2-1/2

[Event "19th Open"]
[Site "Bad Woerishofen GER"]
[Date "2003.03.21"]
[Round "9"]
[White "Jenni,F"]
[Black "Pfrommer,C"]
[Result "1-0"]
[WhiteElo "2516"]
[BlackElo "2293"]

1.e4 c5 2.Nf3 e6 3.d4 cxd4 4.Nxd4 Nc6 5.Nc3 Qc7 6.Be2 a6 7.O-O Nf6 8.Kh1 d6
9.f4 Be7 10.Be3 O-O 11.Qe1 Nxd4 12.Bxd4 b5 13.a3 Bb7 14.Qg3 Bc6 15.Rad1 Rac8
16.Rfe1 Rfd8 17.Bf3 g6 18.f5 e5 19.Be3 a5 20.Bg5 b4 21.axb4 axb4 22.Nb1 Ne8
23.Be3 Nf6 24.Bg5 Ne8 25.Bh6 Bf6 26.c4 bxc3 27.Nxc3 Rb8 28.Rd2 Rb4 29.h4 Qe7
30.Bg5 Rdb8 31.Ree2 Kg7 32.Nd1 Bxg5 33.hxg5 f6 34.gxf6+ Qxf6 35.Nf2 Kh8 36.Ng4 Qg5
37.Rxd6 Nxd6 38.Qxe5+ Kg8 39.Qxd6 Rxb2 40.g3 Rb1+ 41.Kg2 Qc1 42.Kh3 Qf1+
43.Kh4 Qxf3 44.Qe6+ Kf8 45.Qf6+ Ke8 46.Qxc6+ Kf8 47.Qd6+ Ke8 48.Nf6+ Kf7
49.Qd7+ Kf8 50.Nxh7+ Kg8 51.Nf6+ Kf8 52.Qd6+ Kf7 53.Qe6+ Kf8 54.Nd7+ Kg7
55.Qxg6+ Kh8 56.Qh6+ Kg8 57.Nf6+ Kf7 58.Qh7+ Kf8 59.Qg8+ Ke7 60.Qg7+  1-0

[Event "19th Spring Fest"]
[Site "Budapest HUN"]
[Date "2003.03.21"]
[Round "8"]
[White "Varadi,V"]
[Black "Chereches,M"]
[Result "1-0"]
[WhiteElo "2338"]
[BlackElo "2291"]

1.e4 c5 2.Nf3 e6 3.d4 cxd4 4.Nxd4 Nc6 5.Nc3 Bb4 6.Nb5 a6 7.Nd6+ Ke7 8.Bf4 e5
9.Bg5+ f6 10.Nf5+ Kf8 11.Be3 Nge7 12.Nxe7 Nxe7 13.Bc4 b5 14.Bb3 Bb7 15.Qd3 Qc7
16.O-O-O Rd8 17.g4 h6 18.h4 g6 19.Nd5 Bxd5 20.Bxd5 Kg7 21.g5 hxg5 22.hxg5 f5
23.exf5 gxf5 24.f4 d6 25.Be6 Bc5 26.Bd2 Kg6 27.Qg3 Bd4 28.Rh6+ Kg7 29.Rdh1 exf4
30.Qh3 Ng6 31.Rh7+  1-0

[Event "German Cup Final"]
[Site "Berlin GER"]
[Date "2003.03.23"]
[Round "2"]
[White "Svidler,P"]
[Black "Lutz,C"]
[Result "1-0"]
[WhiteElo "2693"]
[BlackElo "2640"]

1.e4 c5 2.Nf3 e6 3.d4 cxd4 4.Nxd4 Nc6 5.Nc3 Qc7 6.Be2 a6 7.O-O Nf6 8.Be3 Be7
9.f4 d6 10.a4 O-O 11.Kh1 Re8 12.Bf3 Rb8 13.g4 Bf8 14.g5 Nd7 15.Bg2 b6 16.Qh5 g6
17.Qh4 Bb7 18.Qf2 Nb4 19.Rad1 Rbc8 20.Rd2 Nc5 21.Nde2 Bc6 22.b3 Qb7 23.Ng3 d5
24.exd5 Nxd5 25.Nxd5 Bxd5 26.Rfd1 Bg7 27.Bxd5 exd5 28.Rxd5 Rcd8 29.c4 Nxb3
30.Qf3 Na5 31.Ne4 Rxd5 32.cxd5 Qd7 33.Bxb6 Qxa4 34.Re1 Nc4 35.Bf2 Rd8 36.Kg2 Qc2
37.Re2 Qc1 38.Qb3 h6 39.Re1 Qxf4 40.Qxc4 hxg5 41.Bg3 Qf5 42.Nd6  1-0

[Event "Amber Rapid"]
[Site "Monte Carlo MNC"]
[Date "2003.03.23"]
[Round "8"]
[White "Anand,V"]
[Black "Leko,P"]
[Result "1/2-1/2"]
[WhiteElo "2753"]
[BlackElo "2736"]

1.e4 c5 2.Nf3 Nc6 3.Nc3 e6 4.d4 cxd4 5.Nxd4 Nf6 6.Nxc6 bxc6 7.e5 Nd5 8.Ne4 Bb7
9.Be2 c5 10.O-O Qc7 11.Nd6+ Bxd6 12.exd6 Qc6 13.f3 c4 14.Qd4 O-O 15.Bxc4 Rfc8
16.Bxd5 Qxd5 17.Qxd5 Bxd5 18.Rf2 Rc6 19.Bf4 Rac8 20.Rc1 f6 21.b3 Rc3 22.Re2 a5
23.Bg3 a4 24.Be1 R3c6 25.c4 Rxd6  1/2-1/2

[Event "TSIM March"]
[Site "Subotica YUG"]
[Date "2003.03.23"]
[Round "1"]
[White "Bozzali,E"]
[Black "Zegarac,B"]
[Result "0-1"]
[WhiteElo "2135"]
[BlackElo "2302"]

1.e4 c5 2.Nf3 e6 3.d4 cxd4 4.Nxd4 Nc6 5.Nc3 Qc7 6.g3 a6 7.Bg2 Nf6 8.O-O h6
9.Re1 Nxd4 10.Qxd4 Bc5 11.Bf4 d6 12.Qd1 e5 13.Be3 O-O 14.h3 Be6 15.Qd2 Rac8
16.Bxc5 Qxc5 17.Rad1 Rfd8 18.a3 b5 19.Re3 a5 20.Rd3 b4 21.axb4 axb4 22.Na4 Qxc2
23.Qxb4 Rb8 24.Nb6 Qc7 25.Rxd6 Rxd6 26.Qxd6 Qxb6 27.Qxe5 Nd7 28.Qh5 Qxb2
29.f4 Nf6 30.Qh4 Qe2  0-1

[Event "TSGM March"]
[Site "Subotica YUG"]
[Date "2003.03.24"]
[Round "2"]
[White "Sedlak,N"]
[Black "Matulovic,M"]
[Result "1/2-1/2"]
[WhiteElo "2506"]
[BlackElo "2423"]

1.e4 c5 2.Nf3 Nc6 3.Nc3 e6 4.d4 cxd4 5.Nxd4 Qc7 6.Be3 a6 7.Qd2 Nf6 8.O-O-O Bb4
9.f3 Ne5 10.Nb3 b5 11.Bd4 Bb7 12.Qf2 Rc8 13.Kb1 Be7 14.Rg1 Nc6 15.Bb6 Qxh2
16.Be2 Qb8 17.g4 d6 18.g5 Nd7 19.Be3 Nce5 20.Bd4 b4 21.Na4 Qc7 22.Bd3 Nc5
23.Naxc5 dxc5 24.Bxe5 Qxe5 25.Na5 Ba8 26.f4 Qc7 27.Nc4 Rd8 28.f5 Rd4 29.Qe2 e5
30.Nd2 f6 31.gxf6 Bxf6 32.Nf3 Rd7 33.Bxa6 Rxd1+ 34.Rxd1 Ke7 35.Nd2 Rd8 36.Bc4 h6
37.Bb3 Bc6 38.Qc4 Be8 39.Qe6+ Kf8 40.Qg8+ Ke7 41.Bd5 Bh5 42.Qe6+ Kf8 43.Qg8+  1/2-1/2

[Event "TSIM March"]
[Site "Subotica YUG"]
[Date "2003.03.25"]
[Round "3"]
[White "Marholev,D"]
[Black "Micic,C"]
[Result "0-1"]
[WhiteElo "2284"]
[BlackElo "2408"]

1.e4 c5 2.Nc3 e6 3.Nf3 Nc6 4.d4 cxd4 5.Nxd4 Nf6 6.a3 d6 7.b3 Be7 8.Bb2 O-O
9.Nxc6 bxc6 10.Bd3 e5 11.O-O Be6 12.Na4 Rb8 13.c4 c5 14.Nc3 Qb6 15.b4 cxb4
16.axb4 Qxb4 17.Nb5 Qxb2 18.Rb1 Rxb5 19.Rxb2 Rxb2 20.Qa4 Rb7 21.Rb1 Rxb1+
22.Bxb1 Rc8 23.Bd3 Rc7 24.f3 Nd7 25.Qa5 Nb6 26.Kf2 g6 27.g3 Kg7 28.h4 Bd8
29.Qa3 Nc8 30.Qa5 Rd7 31.Qa6 Bb6+ 32.Kg2 Rc7 33.f4 Ne7 34.h5 Nc6 35.Qa3 Bc5
36.Qc1 Nb4 37.h6+ Kxh6 38.f5+ Kg7 39.fxe6 Nxd3 40.Qg5 fxe6  0-1

[Event "TSGM March"]
[Site "Subotica YUG"]
[Date "2003.03.25"]
[Round "4"]
[White "Ivanovic,B"]
[Black "Markus,R"]
[Result "1/2-1/2"]
[WhiteElo "2501"]
[BlackElo "2481"]

1.e4 c5 2.Nf3 e6 3.d4 cxd4 4.Nxd4 Nc6 5.Nc3 Qc7 6.Be2 a6 7.O-O Nf6 8.Kh1 Nxd4
9.Qxd4 Bc5 10.Qd2 O-O 11.Qg5 Bd4 12.Bd3 Qe5 13.Qh4 Qh5 14.Qxh5 Nxh5 15.Ne2 Bc5
16.e5 f5 17.h3 g6 18.Bh6 Rf7 19.g4 Ng7 20.f4 b5 21.Ng3 Bb7+ 22.Kh2 d6 23.gxf5 Nxf5
24.Nxf5 exf5 25.a4 Rc8 26.axb5 axb5 27.e6 Re7 28.Rfe1 Bd5 29.Bxb5 Rxe6 30.Bd7 Rxe1
31.Rxe1 Ra8 32.Re8+ Kf7 33.Rxa8 Bxa8 34.c4  1/2-1/2

[Event "TSGM March"]
[Site "Subotica YUG"]
[Date "2003.03.26"]
[Round "5"]
[White "Pilgaard,K"]
[Black "Ivanovic,B"]
[Result "1-0"]
[WhiteElo "2437"]
[BlackElo "2501"]

1.e4 c5 2.Nf3 e6 3.d4 cxd4 4.Nxd4 Nc6 5.Nc3 Qc7 6.Be3 a6 7.Qd2 Nf6 8.O-O-O Bb4
9.f3 O-O 10.a3 Be7 11.g4 b5 12.g5 Ne8 13.Nxc6 dxc6 14.h4 b4 15.Nb1 Rb8 16.Bc4 Nd6
17.Bb3 c5 18.axb4 Rxb4 19.Na3 Qa5 20.Kb1 Bb7 21.Qe1 Qc7 22.Bf4 Qc6 23.Qg3 Rd8
24.h5 c4 25.Bxd6 Bxd6 26.Nxc4 Be7 27.Na5 Qc5 28.Rxd8+ Bxd8 29.Nxb7 Rxb7 30.g6 Bf6
31.gxf7+ Kxf7 32.f4 Kf8 33.e5 Be7 34.Rg1 Bh4 35.Qg4 a5 36.Rd1 a4 37.Bxa4 Be7
38.Bb3 Qb6 39.f5 Ra7 40.fxe6 Qa5 41.Qf5+ Bf6 42.e7+ Rxe7 43.Qc8+  1-0

[Event "TSGM March"]
[Site "Subotica YUG"]
[Date "2003.03.28"]
[Round "8"]
[White "Matulovic,M"]
[Black "Markus,R"]
[Result "1/2-1/2"]
[WhiteElo "2423"]
[BlackElo "2481"]

1.e4 c5 2.Nf3 e6 3.d4 cxd4 4.Nxd4 Nc6 5.Nc3 Qc7 6.g3 a6 7.Bg2 d6 8.O-O Nxd4
9.Qxd4 Ne7 10.b3 Nc6 11.Qd2 Be7 12.Bb2 O-O 13.Ne2 Bd7 14.c4 Rac8 15.Rfd1 Rfd8
16.Rac1 Qb8 17.h3 Be8 18.Kh2 b5 19.cxb5 axb5 20.Nd4 Nxd4 21.Qxd4  1/2-1/2

[Event "Bundesliga 2002-3"]
[Site "Cologne GER"]
[Date "2003.03.29"]
[Round "14"]
[White "Tischbierek,R"]
[Black "Jansa,Vl"]
[Result "1-0"]
[WhiteElo "2506"]
[BlackElo "2504"]

1.e4 c5 2.Nf3 e6 3.d4 cxd4 4.Nxd4 Nc6 5.Nc3 a6 6.Be3 Qc7 7.Qd2 Nf6 8.O-O-O Bb4
9.f3 Ne7 10.Nde2 d5 11.a3 Ba5 12.Bg5 dxe4 13.Bxf6 gxf6 14.Qh6 f5 15.Qf6 Ng6
16.fxe4 f4 17.g3 fxg3 18.hxg3 Bd7 19.Rh5 Bxc3 20.Nxc3 Qxg3 21.Kb1 Qf4 22.Qd4 Bc6
23.Bc4 Qc7 24.Qg7 Rd8 25.Bxe6 Rxd1+ 26.Nxd1 Qe7 27.Bf5 Qe5 28.Bd7+  1-0

[Event "Bundesliga 2002-3"]
[Site "Cologne GER"]
[Date "2003.03.29"]
[Round "14"]
[White "Polzin,R"]
[Black "Boensch,U"]
[Result "1-0"]
[WhiteElo "2467"]
[BlackElo "2537"]

1.e4 c5 2.Nf3 Nc6 3.Nc3 e6 4.d4 cxd4 5.Nxd4 d6 6.Be2 Nf6 7.O-O Be7 8.Be3 Bd7
9.Nb3 a6 10.f4 O-O 11.g4 Rc8 12.g5 Ne8 13.Qd2 f6 14.h4 fxg5 15.hxg5 g6 16.Na4 Ng7
17.Nb6 Rb8 18.Nxd7 Qxd7 19.Bg4 Qe8 20.Qg2 Qf7 21.Rad1 Rbe8 22.Rf2 d5 23.exd5 exd5
24.Rxd5 Nf5 25.Bxf5 gxf5 26.Nd4 Nxd4 27.Bxd4 Bd8 28.Rd2 Re1+ 29.Kf2 Re4 30.Be5 Bb6+
31.Kf1 Re8 32.g6 hxg6 33.Rd6 Qc4+ 34.R2d3 Rxf4+ 35.Bxf4 Qxf4+ 36.Qf3 Qh4
37.Rxg6+ Kh8 38.Rg3 Re4 39.Rh3 Re1+ 40.Kg2  1-0

[Event "29th ch-BAN"]
[Site "Dhaka BAN"]
[Date "2003.03.29"]
[Round "2"]
[White "Ahmed,SN"]
[Black "Rahman,Tai"]
[Result "1-0"]
[WhiteElo "2309"]
[BlackElo "2300"]

1.e4 c5 2.Nc3 Nc6 3.Nf3 e6 4.d4 cxd4 5.Nxd4 Nf6 6.g3 Bb4 7.Bg2 O-O 8.O-O a6
9.Bf4 d6 10.Nde2 Ne5 11.h3 Qc7 12.Bg5 Ne8 13.Kh2 Nc4 14.Bc1 Bd7 15.b3 Ne5
16.Bb2 Rc8 17.Rc1 Qa5 18.a3 Bxc3 19.Nxc3 Rxc3 20.f4 Rc7 21.fxe5 dxe5 22.c4 f6
23.Rf2 Bc6 24.Qd8 Qb6 25.Rd2 Qxb3 26.Rc3 Qa4 27.Bf3 Rcf7 28.Bd1 Nc7 29.Bxa4  1-0

[Event "XII It II"]
[Site "Dos Hermanas ESP"]
[Date "2003.03.29"]
[Round "2"]
[White "Teran Alvarez,I"]
[Black "Korneev,O"]
[Result "1/2-1/2"]
[WhiteElo "2404"]
[BlackElo "2613"]

1.e4 c5 2.Nf3 e6 3.d4 cxd4 4.Nxd4 Nc6 5.Nc3 Qc7 6.Be2 a6 7.O-O Nf6 8.Be3 Bb4
9.Na4 Bd6 10.g3 Be7 11.c4 d6 12.Nxc6 bxc6 13.c5 d5 14.Nb6 Rb8 15.e5 Nd7 16.Nxd7 Qxd7
17.Rb1 a5 18.a3 O-O 19.b4 axb4 20.axb4 Qc7 21.Bd4 f6 22.f4 Bd7 23.Bd3 f5
24.Qd2 Be8 25.Be2 Kh8 26.h4 Ra8 27.Ra1 Bd7 28.Qc3 Qb7  1/2-1/2

[Event "TSGM March"]
[Site "Subotica YUG"]
[Date "2003.03.29"]
[Round "9"]
[White "Pilgaard,K"]
[Black "Matulovic,M"]
[Result "1/2-1/2"]
[WhiteElo "2437"]
[BlackElo "2423"]

1.e4 c5 2.Nf3 Nc6 3.Nc3 e6 4.d4 cxd4 5.Nxd4 Qc7 6.Be3 a6 7.Qd2 Nf6 8.f3 Ne5
9.Bf4 d6 10.O-O-O Be7 11.g4 h6 12.h4 Bd7 13.Rg1 b5 14.g5 hxg5 15.hxg5 Nh5
16.Rh1 O-O-O 17.Nf5 Bf8 18.Ng3 g6 19.Nxh5  1/2-1/2

[Event "Friendship Cup AZE-IRI"]
[Site "Baku AZE"]
[Date "2003.03.30"]
[Round "2"]
[White "Shukurova,M"]
[Black "Niknaddaf,A"]
[Result "0-1"]
[WhiteElo "2250"]
[BlackElo "2278"]

1.e4 c5 2.Nf3 Nc6 3.d4 cxd4 4.Nxd4 e6 5.Nc3 Qc7 6.g3 a6 7.Bg2 d6 8.O-O Bd7
9.Re1 Be7 10.Nce2 Nf6 11.Nxc6 Bxc6 12.Nd4 Bd7 13.b3 Rc8 14.c4 b5 15.cxb5 axb5
16.Bb2 O-O 17.Qd2 Qa7 18.Nc2 Ng4 19.Nd4 Rc5 20.h3 Ne5 21.f4 Ng6 22.Kh2 Rfc8
23.Rec1 Bf6 24.Rxc5 Rxc5 25.a4 bxa4 26.bxa4 Ra5 27.Qb4 Be7 28.Qc3 Bf6 29.Qb4 h6
30.h4 Rxa4 31.Rxa4 Bxa4 32.h5 Nf8 33.Qxd6 Be7 34.Qe5 f6 35.Nb5 Qd7  0-1

[Event "Bundesliga 2002-3"]
[Site "Bremen GER"]
[Date "2003.03.30"]
[Round "15"]
[White "Reeh,O"]
[Black "Heissler,J"]
[Result "1-0"]
[WhiteElo "2423"]
[BlackElo "2455"]

1.e4 c5 2.Nf3 e6 3.d4 cxd4 4.Nxd4 Nc6 5.Nc3 Qc7 6.f4 a6 7.Nxc6 Qxc6 8.Bd3 b5
9.Qe2 Bb7 10.Bd2 Be7 11.a3 Rc8 12.O-O Bc5+ 13.Kh1 Ne7 14.Be3 Bxe3 15.Qxe3 O-O
16.Qh3 f6 17.Rad1 Ng6 18.Be2 Qc7 19.Qe3 Rfd8 20.Rd2 Qc5 21.Qxc5 Rxc5 22.g3 Nf8
23.Kg1 Rdc8 24.Bd3 Kf7 25.a4 b4 26.Na2 a5 27.Nc1 d5 28.e5 Ra8 29.Nb3 Rc7
30.Nd4 Ba6 31.exf6 gxf6 32.Re1 Bxd3 33.cxd3 Ra6 34.Rde2 Rb6 35.Kf2 b3 36.Nb5 Rcc6
37.g4 h6 38.h4 Ng6 39.Kg3 Rc2 40.Rxc2 bxc2 41.Rc1 e5 42.fxe5 Nxe5 43.d4 Nd3
44.Rxc2 Re6 45.Rc7+ Kf8 46.Kf3 Nxb2 47.Nc3 Nc4 48.Nxd5 Nd2+ 49.Kf4 Nb3 50.Ne3 Nxd4
51.Nf5 Nc6 52.Rc8+ Kf7 53.Nxh6+ Kg6 54.Nf5 Ne5 55.Rc7  1-0

[Event "XII It I"]
[Site "Dos Hermanas ESP"]
[Date "2003.03.30"]
[Round "3"]
[White "Campora,D"]
[Black "Vallejo Pons,F"]
[Result "0-1"]
[WhiteElo "2505"]
[BlackElo "2629"]

1.e4 c5 2.Nf3 e6 3.d4 cxd4 4.Nxd4 Nc6 5.Nc3 Qc7 6.Be3 a6 7.Qd2 Nf6 8.f3 Bb4
9.a3 Be7 10.g4 h6 11.Be2 b5 12.O-O Bb7 13.Nxc6 Bxc6 14.Rad1 d6 15.Bd3 g5
16.Ne2 h5 17.gxh5 Nxh5 18.Qc3 Bf6 19.Nd4 Rc8 20.Qxc6+ Qxc6 21.Nxc6 Rxc6 22.c3 Be5
23.Rf2 Bf4 24.Bxf4 Nxf4 25.Bf1 Ke7 26.a4 Rb8 27.Rd4 Rcb6 28.axb5 axb5 29.Rb4 Ra8
30.Rd2 Ra1 31.Kf2 Rb8 32.h3 Rc1 33.c4 Ra8 34.cxb5 Raa1 35.Be2 Rh1 36.b6 Rh2+
37.Ke3 Re1 38.Kd4  0-1

[Event "Bundesliga 2002-3"]
[Site "Plauen GER"]
[Date "2003.03.30"]
[Round "15"]
[White "Brueggemann,Jo"]
[Black "Sandipan,C"]
[Result "1/2-1/2"]
[WhiteElo "2416"]
[BlackElo "2464"]

1.e4 c5 2.Nf3 e6 3.d4 cxd4 4.Nxd4 Nc6 5.Nc3 Qc7 6.Be3 a6 7.Bd3 Nf6 8.O-O Ne5
9.h3 Bc5 10.f4 d6 11.Qe1 Ng6 12.Nb3 Bxe3+ 13.Qxe3 O-O 14.Rf2 b5 15.Raf1 b4
16.Nd1 Bb7 17.f5 Ne5 18.fxe6 fxe6 19.Nd4 Rae8 20.Nf3 Nfd7 21.Nxe5 Nxe5 22.Rxf8+ Rxf8
23.Rxf8+ Kxf8 24.b3 a5 25.Qd4 Ke7 26.Kf1 g5 27.Qa7 Kd8 28.Qe3 h6 29.Ke2 Nxd3
30.cxd3 d5 31.Nf2 Qc2+ 32.Kf3 Kc7 33.Qe2 Qc3 34.g3 Kb6 35.Qe3+ d4 36.Qe2 Ba6
37.Kg2 a4 38.bxa4 Ka5 39.Qd1 Qc6 40.Qb3 Bc8 41.a3 Qxa4 42.axb4+ Qxb4 43.Qd1 Ba6
44.Qh5 Qd2 45.Qxh6 Bxd3 46.Qxe6 Bb5 47.h4 gxh4 48.gxh4 d3 49.Qf6 Qe2 50.Qc3+ Ka4
51.Qd4+ Kb3 52.Kg3 d2 53.Kf4 Kc2 54.Qc5+ Bc4 55.h5 Qf1 56.Ke5 Qa1+ 57.Qd4 Qa5+
58.Kf4 Be2 59.Ke3 d1=Q 60.Nxd1 Bxd1 61.Qc4+ Kb2 62.Qd4+ Kc1 63.Qc4+ Bc2 64.Qd5 Qe1+
65.Kd4 Qg1+ 66.Ke5 Qg3+ 67.Kd4 Bb3 68.Qc6+ Kd2 69.h6 Qe3+ 70.Ke5 Qg5+ 71.Kd4 Qe3+  1/2-1/2

[Event "Bundesliga 2002-3"]
[Site "Plauen GER"]
[Date "2003.03.30"]
[Round "15"]
[White "Mueller,Matt"]
[Black "Emms,J"]
[Result "1/2-1/2"]
[WhiteElo "2395"]
[BlackElo "2515"]

1.e4 c5 2.Nf3 e6 3.d4 cxd4 4.Nxd4 Nc6 5.Nc3 Qc7 6.Be3 a6 7.Bd3 Nf6 8.O-O b5
9.Nxc6 Qxc6 10.a3 Bb7 11.Qe2 Be7 12.f4 O-O 13.e5 Nd5 14.Nxd5 Qxd5 15.c4 bxc4
16.Bxc4 Qc6 17.Rac1 Bc5 18.Bxc5 Qxc5+ 19.Qf2 Qxf2+ 20.Rxf2 Rfb8 21.Rd2 Bc6
22.Bf1 a5 23.g3 Kf8 24.Bg2 Bxg2 25.Kxg2 Ra7 26.Rc4 Ke7 27.b4 Rb5 28.Rb2 axb4
29.axb4 f6 30.exf6+ gxf6 31.Rc8 Kf7 32.Rh8 Kg6 33.g4 Rab7 34.Rg8+ Kf7 35.Rh8 Kg7
36.Rd8 d5 37.f5 e5 38.Kg3 h5 39.h3 Kh6 40.Rh8+ Kg7 41.Rd8 Rxb4  1/2-1/2

[Event "Bundesliga 2002-3"]
[Site "Plauen GER"]
[Date "2003.03.30"]
[Round "15"]
[White "De Vreugt,D"]
[Black "Bischoff,K"]
[Result "0-1"]
[WhiteElo "2504"]
[BlackElo "2564"]

1.e4 c5 2.Nf3 e6 3.d4 cxd4 4.Nxd4 Nc6 5.Nc3 d6 6.g4 a6 7.Be3 Bd7 8.Nxc6 Bxc6
9.Qd4 h6 10.O-O-O Nf6 11.g5 hxg5 12.Bxg5 Be7 13.Bg2 Qc7 14.h4 Rc8 15.Rd2 b5
16.f4 Bb7 17.Rhd1 Qc5 18.Qxc5 Rxc5 19.e5 Bxg2 20.exd6 Bf8 21.Rxg2 Nd7 22.Ne4 Rc4
23.Nd2 Rd4 24.f5 e5 25.Be3 Rxd6 26.Nf3 Rxd1+ 27.Kxd1 f6 28.c4 Rh5 29.Rc2 Rxf5
30.Ke2 bxc4 31.Rxc4 Rh5 32.b4 Bd6 33.a3 Ke7 34.Rc6 e4 35.Nd4 g6  0-1

[Event "TSGM March"]
[Site "Subotica YUG"]
[Date "2003.03.30"]
[Round "10"]
[White "Delchev,A"]
[Black "Markus,R"]
[Result "1-0"]
[WhiteElo "2583"]
[BlackElo "2481"]

1.e4 c5 2.Nf3 e6 3.d4 cxd4 4.Nxd4 Nc6 5.Nc3 Qc7 6.g3 a6 7.Bg2 d6 8.O-O Bd7
9.Re1 Be7 10.Nxc6 Bxc6 11.Qg4 h5 12.Qe2 h4 13.a4 hxg3 14.hxg3 Nf6 15.Bf4 Rc8
16.Bf3 Qa5 17.Rab1 Qc5 18.Qd3 Qb4 19.b3 Nd7 20.Nd5 Bxd5 21.exd5 Rc3 22.Qd1 e5
23.Bd2 Qc5 24.b4 Qc7 25.Bxc3 Qxc3 26.Qd3 Qxd3 27.cxd3 f5 28.Rec1 Kd8 29.a5 Bg5
30.Rc2 Ke7 31.b5 Nc5 32.Rxc5  1-0

[Event "XII It I"]
[Site "Dos Hermanas ESP"]
[Date "2003.04.01"]
[Round "5"]
[White "Karjakin,Sergey"]
[Black "Khalifman,A"]
[Result "1/2-1/2"]
[WhiteElo "2547"]
[BlackElo "2702"]

1.e4 c5 2.Nf3 e6 3.d4 cxd4 4.Nxd4 Nc6 5.Nc3 d6 6.Be3 Nf6 7.Qd2 Be7 8.g3 O-O
9.O-O-O a6 10.g4 Nxd4 11.Bxd4 b5 12.g5 Nd7 13.h4 b4 14.Na4 Qa5 15.b3 Nc5
16.Bxc5 dxc5 17.Qf4 Ra7 18.Bc4 Rd7 19.Rxd7 Bxd7 20.Kb1 Bxa4 21.bxa4 Qd8 22.e5 a5
23.Qe4 Qd4 24.Qxd4 cxd4 25.Kb2 g6 26.f4 Kg7 27.h5 Rc8 28.Kb3 Rc7 29.h6+ Kf8
30.Rd1 Bc5 31.Rd3 Ke7 32.Bb5 Bb6 33.Kb2 Rc3 34.Kc1 Ba7  1/2-1/2